000 nam a22 a 4500
999 _c1944
_d1944
005 20170512142840.0
008 170512b1993 enk||||| |||| 00| 0 eng d
020 _a1858050227
_cNo price
040 _aAKMAL
082 _220
_a346.59507 BUS
090 _a346.59507
_bBUS
100 _aAbbott, Keith
_d1952-
_94031
245 _aBusiness law /
_cKeith Abbott, Norman Pendlebury.
250 _a6th ed.
260 _aLondon
_bDP Publications
_c1993.
300 _axv,477p.
_c25cm
500 _aPrevious ed.: 1991.
500 _aIncludes index.
700 _aPendlebury, Norman.
_94032
852 _aBritish Library
_bDSC
942 _2ddc
_cBOOK